| 000 | 02241nam a22003017a 4500 | ||
|---|---|---|---|
| 001 | 8721 | ||
| 003 | FISKH | ||
| 005 | 20251014085006.0 | ||
| 008 | 251014b cb ||||| |||| 00| 0 eng d | ||
| 020 | _a9789996301452 | ||
| 040 |
_aFISKH _bkhr _cFISKH _dFISKH |
||
| 082 | _a398.24 | ||
| 100 | _aSotheary, Kimsun | ||
| 245 |
_aជ្រូកតច្ឆក: : _bBoar Tajaka ( The obedient boar ) / _cរៀបរៀងដោយ អ្នកស្រី គឹមស៊ុន សុធារី |
||
| 260 |
_aPhnom Penh : _bReading Books , _c2012. |
||
| 300 |
_a20 pages : _bcolor illustrations ; _c25 cm . |
||
| 490 | _aពិភពរឿងនិទាន | ||
| 505 | _aK | ||
| 520 | _aរឿងនេះមានបំនងអប់រំប្អូនកុំអោយមើលងាយនិងជិះជាន់លើអ្នកតូចតាចដែលមានកំលាំងទន់ខ្សោយជាងខ្លួន ហើយកុំស្តាប់ពាក្យញុះញុងរបស់ជនខិលខូចដែលល្អតែសម្រកក្រៅ ចង់បានតែផលប្រយោជន៏ផ្ទាល់ខ្លួន អាចជំរុញអោយយើងទៅរកភាពអន្តរាយដល់ជីវិត ។ ការតស៊ូនិងការរួបរួមកម្លាំងសាមគ្គីគ្នាគង់តែបានជ័យជំនះ ។ | ||
| 520 | _aThis story aims at educating the children not to scorn, or to oppress anyone who is inferior to them . The story also advises the children not to listen to the incitement of the evil persons who are pretended to be good by their appearance, but wicked mind and what they are thinking is their interest . As a result , the evil person can harm his life to death . The perseverance and solidarity will surely bring success in overcoming this danger . | ||
| 521 | 8 |
_a510
_bLexile estimate |
|
| 521 | 8 |
_aK
_bRaz-Plus |
|
| 650 |
_aជ្រូកតច្ឆក: _vរៀងនិទានកុមារ |
||
| 650 |
_aBoar Tajaka _vChildren's Stories |
||
| 700 |
_aU , May _eIllustrtor |
||
| 942 |
_2ddc _cKHB _n0 |
||
| 999 |
_c8721 _d8721 |
||